[Event "Brasil op etapa 3rd"]
[Site "Vitoria"]
[Date "2002.03.31"]
[Round "6.20"]
[White "Buaiz, Rachid Rezende"]
[Black "Oliveira, Alberty Rogher"]
[Result "0-1"]
[WhiteElo "1738"]
[BlackElo "1817"]
[PlyCount "63"]
[EventDate "2002.03.28"]
[EventType "swiss"]
[EventRounds "7"]
[EventCountry "BRA"]
[SourceTitle "CBM 087 Extra"]
[Source "ChessBase"]
[SourceDate "2002.05.03"]
[SourceVersion "2"]
[SourceVersionDate "2002.08.09"]
[SourceQuality "1"]

1. e4 c5 2. Nc3 g6 3. Nf3 Bg7 4. d4 cxd4 5. Nxd4 Nc6 6. Be3 Nf6 7. Be2 d6 8. 0-0 0-0 9. Nd5 Nxe4 10. Bf3 Nf6 11. a3 Nxd5 12. Bxd5 Bd7 13. b4 e6 14. Bb3 Nxd4 15. Bxd4 Bc6 16. Bxg7 Kxg7 17. c4 Qg5 18. f3 Qe3+ 19. Kh1 a6 20. Re1 Qf4 21. c5 dxc5 22. bxc5 Rad8 23. Qe2 Rd2 24. Qe3 Qxe3 25. Rxe3 Rfd8 26. h3 h5 27. a4 a5 28. Rae1 Rb2 29. Bc4 Rdd2 30. R1e2 Rxe2 31. Rxe2 Rxe2 32. Bxe2 0-1

[Event "Brasil op etapa 3rd"]
[Site "Vitoria"]
[Date "2002.03.30"]
[Round "4.20"]
[White "Silva, Hadenylton Pedrosa"]
[Black "Buaiz, Rachid Rezende"]
[Result "1-0"]
[WhiteElo "1788"]
[BlackElo "1738"]
[PlyCount "37"]
[EventDate "2002.03.28"]
[EventType "swiss"]
[EventRounds "7"]
[EventCountry "BRA"]
[SourceTitle "CBM 087 Extra"]
[Source "ChessBase"]
[SourceDate "2002.05.03"]
[SourceVersion "2"]
[SourceVersionDate "2002.08.09"]
[SourceQuality "1"]

1. e4 e5 2. Nf3 Nc6 3. Bc4 d6 4. c3 Nf6 5. Ng5 Qd7 6. d3 h6 7. Nf3 Be7 8. 0-0 0-0 9. a4 a5 10. Nh4 Ng4 11. Nf5 Bg5 12. Qxg4 g6 13. Bxg5 hxg5 14. Qxg5 Ne7 15. Nh6+ Kg7 16. h3 Rh8 17. Ng4 c6 18. Qf6+ Kh7 19. Qxf7# 1-0